| 000 | 00832cam a2200289 i 4500 | ||
|---|---|---|---|
| 008 | |||
| 020 | _a9781292077260 (pbk.) | ||
| 049 | _aMAIN | ||
| 090 |
_aQH430 _bCON |
||
| 245 | 1 | 0 |
_aConcepts of genetics / _cWilliam S. Klug...[et al] |
| 250 | _a11th ed. | ||
| 260 |
_aBoston : _bPearson Education, _c2016. |
||
| 300 |
_a889 : _bill. (some col.) ; _c28 cm. |
||
| 500 | _aIncludes index. | ||
| 504 | _aIncludes bibliographical references. | ||
| 650 | 0 | _aGenetics. | |
| 650 | 1 | 2 | _aGenetic Phenomena. |
| 700 | _aKlug, William S. | ||
| 700 | 1 | _aCummings, Michael R. | |
| 700 | 1 | _aSpencer, Charlotte A. | |
| 700 | 1 | _aPalladino, Michael Angelo. | |
| 907 |
_a.b10385915 _b17-10-17 _c17-10-17 |
||
| 003 | |||
| 005 | 20230123122312.0 | ||
| 040 | _cNUST | ||
| 942 |
_cBOOKS _kQH430 _mCON |
||
| 999 |
_c131299 _d131299 |
||